NBA Daily Trivia #7 - Statistics

General Stats
  • This quiz has been taken 80 times
  • The average score is 6 of 11
Answer Stats
Picture Answer % Correct
LeBron James
91%
Giannis Antetokounmpo
80%
Russell Westbrook
77%
Anthony Davis
70%
Andre Drummond
58%
Rudy Gobert
50%
Al Horford
49%
Kevin Love
49%
Jonas Valanciunas
39%
Nikola Vucevic
39%
DeAndre Jordan
36%
No matching quizzes found
Score Distribution
Percent of People with Each Score
Percentile by Number Answered
Your Score History
You have not taken this quiz